[Event "WY Boys-U16"]
[Site "Porto Carras GRE"]
[Date "2010.10.20"]
[Round "1.1"]
[White "Abdullah, Al-Saif"]
[Black "Abasov, Nijat Azad Oglu"]
[Result "0-1"]
[BlackTitle "IM"]
[WhiteElo "2125"]
[BlackElo "2517"]
[WhiteFideId "10203257"]
[BlackFideId "13402960"]
[EventDate "2010.10.20"]

1. e4 c5 2. Nf3 Nc6 3. d4 cxd4 4. Nxd4 Nf6 5. Nc3 e5 6. Ndb5 d6 7. Bg5 a6 8. Na3
b5 9. Nd5 Be7 10. Bxf6 Bxf6 11. c3 Bg5 12. Nc2 O-O 13. Bd3 Ne7 14. Nce3 Bb7 15.
Bc2 Bxe3 16. Nxe3 d5 17. Nxd5 Nxd5 18. exd5 Bxd5 19. O-O Bc4 20. Re1 Qg5 21. Qd6
Rfe8 22. Bb3 Re6 23. Qc7 Bxb3 24. axb3 Rae8 25. Rad1 e4 26. Re3 g6 27. Rd7 Qf6
28. g3 h5 29. Kg2 h4 30. Rd2 Kg7 31. Qd7 hxg3 32. fxg3 Qe7 33. Qd4+ Kg8 34. Rf2
Rd8 35. Qb4 Qxb4 36. cxb4 Rd4 0-1

[Event "WY Boys-U16"]
[Site "Porto Carras GRE"]
[Date "2010.10.20"]
[Round "1.2"]
[White "Cori, Jorge"]
[Black "Matt, Fabian"]
[Result "1-0"]
[WhiteTitle "GM"]
[WhiteElo "2496"]
[BlackElo "2125"]
[WhiteFideId "3802272"]
[BlackFideId "1623303"]
[EventDate "2010.10.20"]

1. d4 Nf6 2. Nf3 e6 3. c4 b6 4. g3 Bb7 5. Bg2 Be7 6. O-O O-O 7. Qc2 d5 8. Nbd2
Nbd7 9. b3 c5 10. Bb2 Rc8 11. dxc5 Nxc5 12. Rad1 Ncd7 13. Qb1 Qc7 14. cxd5 Nxd5
15. Rc1 Qb8 16. Nc4 Rfd8 17. Rfd1 Bf6 18. Nd4 Ne5 19. Nd2 Be7 20. Qa1 Nd7 21.
Nc4 N7f6 22. Nb5 Bc6 23. Be5 Qa8 24. Nbd6 Rc7 25. Nxf7 Kxf7 26. Bxc7 Rc8 27.
Ne5+ Kg8 28. Rxc6 1-0

[Event "WY Boys-U16"]
[Site "Porto Carras GRE"]
[Date "2010.10.20"]
[Round "1.3"]
[White "Duenzel, Jonas"]
[Black "Bok, Benjamin"]
[Result "1/2-1/2"]
[BlackTitle "IM"]
[WhiteElo "2117"]
[BlackElo "2453"]
[WhiteFideId "24631167"]
[BlackFideId "1017063"]
[EventDate "2010.10.20"]

1. e4 e5 2. Nf3 Nc6 3. Bb5 a6 4. Ba4 Nf6 5. d3 b5 6. Bb3 Be7 7. O-O O-O 8. c3 d6
9. Re1 Na5 10. Bc2 c5 11. Nbd2 Re8 12. Nf1 Nc6 13. Ng3 h6 14. h3 Bf8 15. d4 cxd4
16. cxd4 Qc7 17. Be3 Bd7 18. Rc1 Qb7 19. d5 Ne7 20. Nh2 Ng6 21. Ng4 Be7 22. Qf3
Nxg4 23. hxg4 Bg5 24. Bxg5 hxg5 25. Nf5 Qb8 26. Qh3 Nf8 27. g3 Bxf5 28. gxf5 Nd7
29. Qh5 Qd8 30. Kg2 Qf6 31. Bb1 Kf8 32. Rc7 Ke7 33. a4 bxa4 34. Rec1 Reb8 35.
Qd1 Rb4 36. Qc2 Rd8 37. Qc6 g6 38. Bc2 gxf5 39. Bxa4 Rxa4 40. Qxa4 f4 41. Qd1
Qg6 42. f3 fxg3 43. Qh1 Qf6 44. Qh3 Qf4 45. Qxg3 Qd2+ 46. Qf2 Qf4 47. Rc8 Rxc8
48. Rxc8 g4 49. Rg8 gxf3+ 50. Qxf3 Qd2+ 51. Qf2 Qd3 52. Qf3 Qd2+ 53. Qf2 1/2-1/2

[Event "WY Boys-U16"]
[Site "Porto Carras GRE"]
[Date "2010.10.20"]
[Round "1.4"]
[White "Predke, Alexandr"]
[Black "Pop, Alexandru"]
[Result "0-1"]
[WhiteElo "2436"]
[BlackElo "2116"]
[WhiteFideId "24107581"]
[BlackFideId "1220837"]
[EventDate "2010.10.20"]

1. e4 c5 2. Nf3 d6 3. d4 Nf6 4. Nc3 cxd4 5. Nxd4 g6 6. Be3 Bg7 7. f3 O-O 8. Qd2
Nc6 9. Bc4 Bd7 10. h4 Rc8 11. Bb3 h5 12. O-O-O Ne5 13. Bg5 Rc5 14. Kb1 Re8 15.
g4 hxg4 16. f4 Nc4 17. Qe2 Qc8 18. f5 a5 19. fxg6 fxg6 20. a4 Kh7 21. Nd5 Nxd5
22. exd5 Bxd4 23. Rxd4 Ne5 24. Rf4 Bf5 25. Rff1 Nf3 26. Be3 e5 27. Bxc5 Qxc5 28.
Rxf3 gxf3 29. Qxf3 Rf8 30. Qg3 Be4 31. Rg1 Qf2 32. Qg5 Qf6 33. Qd2 b6 34. Qc3
Rf7 35. Qc6 Qf2 36. Rc1 Qc5 37. Qe8 Kg7 38. h5 gxh5 39. Qd8 Bg6 40. Ka2 Qc7 41.
Qg5 Rf5 42. Qg3 Rf4 43. c3 Rg4 44. Qf3 Qc5 45. Qe2 e4 46. Rf1 Rg1 47. Rf2 e3 48.
Rg2 Rxg2 49. Qxg2 Qc8 50. Qg5 Qe8 51. Bc2 e2 52. Bxg6 Qxa4+ 0-1

[Event "WY Boys-U16"]
[Site "Porto Carras GRE"]
[Date "2010.10.20"]
[Round "1.5"]
[White "Paltrinieri, Nicholas"]
[Black "Lagarde, Maxime"]
[Result "0-1"]
[BlackTitle "FM"]
[WhiteElo "2115"]
[BlackElo "2433"]
[WhiteFideId "828262"]
[BlackFideId "662399"]
[EventDate "2010.10.20"]

1. f4 g6 2. Nf3 Bg7 3. e4 c5 4. Be2 Nc6 5. O-O d6 6. d3 Nf6 7. Nc3 Rb8 8. Kh1 b5
9. Qe1 b4 10. Nb1 O-O 11. Nbd2 e6 12. Qh4 Nh5 13. Qxd8 Rxd8 14. g3 f5 15. Nc4
Ba6 16. g4 fxg4 17. Ng5 d5 18. Ne5 Nd4 19. Bxg4 Re8 20. Rf2 Nf6 21. Be3 h6 22.
Bxd4 Nxg4 23. Nxg4 cxd4 24. Nf3 dxe4 25. dxe4 Rf8 26. Nfe5 h5 27. Nxg6 hxg4 28.
Nxf8 Rxf8 29. Kg2 Bb7 30. Re1 Rf5 31. Kg3 Ra5 32. b3 Rxa2 33. e5 Bf8 34. f5 d3
35. cxd3 Rxf2 36. Kxf2 exf5 37. d4 Bd5 38. Ra1 Kf7 39. Rxa7+ Be7 40. Ra5 Bxb3
41. d5 f4 42. d6 Bh4+ 43. Kg1 f3 44. Rc5 Ke6 45. Rc8 Ba4 0-1

[Event "WY Boys-U16"]
[Site "Porto Carras GRE"]
[Date "2010.10.20"]
[Round "1.6"]
[White "Van Kampen, Robin"]
[Black "Miller, Eduard"]
[Result "1-0"]
[WhiteTitle "IM"]
[WhiteElo "2430"]
[BlackElo "2110"]
[WhiteFideId "1020854"]
[BlackFideId "24687022"]
[EventDate "2010.10.20"]

1. e4 c5 2. Nf3 Nc6 3. d4 cxd4 4. Nxd4 g6 5. c4 Bg7 6. Be3 Nf6 7. Nc3 O-O 8. Be2
d6 9. O-O Bd7 10. Qd2 Nxd4 11. Bxd4 Bc6 12. f3 a5 13. b3 Nd7 14. Be3 Nc5 15.
Rab1 Qb6 16. Rfc1 Rfc8 17. Rc2 Qd8 18. Bf1 h5 19. Qf2 e6 20. Rd1 Qe7 21. Ne2 Kh7
22. Rcd2 Be5 23. Bd4 Bxd4 24. Rxd4 e5 25. Rxd6 Bxe4 26. Ng3 Rc6 27. fxe4 Rxd6
28. Qxc5 Rad8 29. Rd5 b6 30. Qe3 Rc8 31. Ne2 Kg7 32. Nc3 Re6 33. Rd2 f6 34. Rd5
Rc7 35. Nb5 Rb7 36. g3 Rc6 37. Bh3 Rc5 38. Rd3 a4 39. Qd2 axb3 40. axb3 Rc6 41.
Kg2 Rc5 42. Rd8 Rc6 43. Qd5 Rc5 44. Qd2 Rc6 45. Bc8 Rxc8 46. Rxc8 Rd7 47. Qxd7 1-0

[Event "WY Boys-U16"]
[Site "Porto Carras GRE"]
[Date "2010.10.20"]
[Round "1.7"]
[White "Emiroglu, Cankut"]
[Black "Bukavshin, Ivan"]
[Result "1-0"]
[BlackTitle "FM"]
[WhiteElo "2108"]
[BlackElo "2430"]
[WhiteFideId "6306659"]
[BlackFideId "4199758"]
[EventDate "2010.10.20"]

1. e4 c5 2. Nf3 Nc6 3. d4 cxd4 4. Nxd4 Nf6 5. Nc3 d6 6. Bg5 e6 7. Qd2 a6 8.
O-O-O Be7 9. Bxf6 gxf6 10. f4 Bd7 11. f5 Qb6 12. Nxc6 bxc6 13. Bc4 Rb8 14. Bb3
h5 15. Qe2 c5 16. Rhe1 Kd8 17. fxe6 fxe6 18. Qc4 Kc7 19. a3 Bf8 20. Kb1 Bh6 21.
Rf1 Rhf8 22. Rf3 h4 23. g3 hxg3 24. hxg3 Rbd8 25. Rh1 Bg5 26. Rh7 Rh8 27. Rf7
Kb8 28. Ba4 Rh1+ 29. Ka2 Bc1 30. Qb3 Qxb3+ 31. Kxb3 Bc8 32. R3xf6 Rh2 33. Rf1
Be3 34. R1f3 Bd4 35. Re7 Bb7 36. Rff7 Ba8 37. Rxe6 Rg2 38. Nd5 Rxg3+ 39. c3 Rg7
40. Rxg7 Bxg7 41. Re7 Be5 42. Nb6 Bxe4 43. Nd7+ Rxd7 44. Bxd7 Bd5+ 45. c4 Bf3
46. Bf5 Bd1+ 47. Bc2 Bf3 48. Rf7 Bc6 49. Ka2 a5 50. b3 Bd4 51. Kb1 d5 52. a4
dxc4 53. bxc4 Kc8 54. Kc1 Kb8 55. Kd2 Kc8 56. Bd1 Kb8 57. Kd3 Bg2 58. Kc2 Be4+
59. Kb3 Bb7 60. Bf3 Ba6 61. Bd5 Be5 62. Kc2 Bd4 63. Rf8+ Kc7 64. Ra8 Kb6 65. Kd3
Be5 66. Ke4 Bc7 67. Kf5 Bd6 68. Ke6 Bc7 69. Kd7 Be5 70. Re8 Bg3 71. Re6+ Ka7 72.
Kc6 Bc8 73. Re7+ Kb8 74. Kxc5 Bh4 75. Rh7 Bf6 76. Kb6 Bd8+ 77. Kb5 Bf5 78. Rb7+
Kc8 79. Ka6 Bd7 80. c5 Bc7 81. c6 Bf5 82. Kb5 Bd3+ 83. Kc5 Bc2 84. Be6+ Kd8 85.
Bb3 Be4 86. Ra7 Bb8 87. Rxa5 Kc7 88. Bd5 Bd3 89. Bc4 Be4 90. Ra6 Bf3 91. Ra8 Kc8
92. Kb6 1-0

[Event "WY Boys-U16"]
[Site "Porto Carras GRE"]
[Date "2010.10.20"]
[Round "1.8"]
[White "Moussard, Jules"]
[Black "Villalba, Marcelo"]
[Result "1-0"]
[WhiteTitle "FM"]
[BlackTitle "IM"]
[WhiteElo "2423"]
[BlackElo "2106"]
[WhiteFideId "642908"]
[BlackFideId "3701859"]
[EventDate "2010.10.20"]

1. e4 c5 2. g3 d6 3. Bg2 Nc6 4. d3 g6 5. f4 Bg7 6. Nf3 Nf6 7. O-O O-O 8. h3 Rb8
9. a4 a6 10. c3 b5 11. axb5 axb5 12. Be3 c4 13. Nd4 Nxd4 14. Bxd4 Nh5 15. Bxg7
Nxg7 16. dxc4 bxc4 17. Rf2 Qb6 18. Qe2 Be6 19. Na3 Qc5 20. g4 f6 21. Rd1 Rfc8
22. Rd4 Bf7 23. f5 Rc7 24. Bf1 Rbc8 25. Qf3 gxf5 26. gxf5 Qe5 27. Rg2 Kh8 28.
Nxc4 Rxc4 29. Qg4 Ne8 30. Bxc4 Rxc4 31. Rxc4 Bxc4 32. Qh5 Qc5+ 33. Kh2 Qe5+ 34.
Rg3 Qb5 35. Qh6 Qxb2+ 36. Rg2 Qb3 37. Qf8+ Bg8 38. Qxe8 Qf7 39. Qd8 h5 40. h4
Kh7 41. Kg3 Kh8 42. Kf4 Qc4 43. Rg1 Qa2 44. Kf3 Qc4 45. Qb6 Qxc3+ 46. Qe3 Qxe3+
47. Kxe3 d5 48. exd5 Bxd5 49. Kd4 Bf7 50. Re1 Ba2 51. Rxe7 Bb1 52. Re4 Kg7 53.
Rf4 Kf7 54. Rf2 Ke7 55. Rf1 Bc2 56. Kc3 Ba4 57. Ra1 Bd7 58. Ra5 Bc6 59. Kd4 Bf3
60. Ra7+ Kf8 61. Ke3 Bd1 62. Rh7 Kg8 63. Rh6 Kg7 64. Rg6+ Kf7 65. Kd4 Bc2 66.
Rh6 Kg7 67. Rg6+ Kf7 68. Kd5 Bxf5 69. Rg1 Bg4 70. Kd6 Kg6 71. Ke7 f5 72. Rf1 Kg7
73. Rf4 Kg6 74. Ke6 Bh3 75. Ke5 Bg4 76. Rb4 Kf7 77. Rb7+ Ke8 78. Rg7 Kf8 79. Kf6
f4 80. Rf7+ Ke8 81. Kg6 f3 82. Kg7 Kd8 83. Kf8 Kc8 84. Ke8 Kb8 85. Kd8 Ka8 86.
Kc7 Ka7 87. Rf6 f2 88. Rxf2 Ka6 89. Rb2 Ka5 90. Kd6 Ka6 91. Ke5 Ka5 92. Kf6 Ka6
93. Kg5 Ka5 94. Rb8 1-0

[Event "WY Boys-U16"]
[Site "Porto Carras GRE"]
[Date "2010.10.20"]
[Round "1.9"]
[White "Sarchisov, Slavik"]
[Black "Bajarani, Ulvi"]
[Result "0-1"]
[BlackTitle "IM"]
[WhiteElo "2105"]
[BlackElo "2408"]
[WhiteFideId "24647888"]
[BlackFideId "13403028"]
[EventDate "2010.10.20"]

1. e4 e6 2. d4 d5 3. Nc3 Nf6 4. e5 Nfd7 5. f4 c5 6. Nf3 Nc6 7. Be3 Be7 8. Qd2
O-O 9. Be2 a6 10. O-O b5 11. a3 Bb7 12. Nd1 Rc8 13. c3 Na5 14. Qc2 Nc4 15. Bf2
f5 16. exf6 Bxf6 17. Bd3 h6 18. Qe2 Qe8 19. Ne3 cxd4 20. cxd4 Bd8 21. Rae1 Nd6
22. Ng4 Ne4 23. Be3 Ba5 24. Rc1 Bb6 25. Rxc8 Qxc8 26. Nfe5 Nxe5 27. Nxe5 Qe8 28.
Qg4 Nd6 29. f5 exf5 30. Bxf5 Rxf5 31. Rxf5 Bc8 32. Qf3 Nxf5 0-1

[Event "WY Boys-U16"]
[Site "Porto Carras GRE"]
[Date "2010.10.20"]
[Round "1.10"]
[White "Anton Guijarro, David"]
[Black "Xiong, Jerry"]
[Result "1/2-1/2"]
[WhiteTitle "FM"]
[WhiteElo "2403"]
[BlackElo "2102"]
[WhiteFideId "2285525"]
[BlackFideId "2606844"]
[EventDate "2010.10.20"]

1. e4 c5 2. Nf3 d6 3. d4 cxd4 4. Nxd4 Nf6 5. Nc3 g6 6. Be3 Bg7 7. f3 O-O 8. Qd2
Nc6 9. Bc4 Bd7 10. O-O-O Rb8 11. Bb3 Na5 12. Kb1 b5 13. h4 Nc4 14. Bxc4 bxc4 15.
Ka1 h5 16. Rhe1 Re8 17. Nde2 Qa5 18. Bd4 Rb7 19. Rb1 Reb8 20. Ng3 Be6 21. Nf1
Kh7 22. Ne3 Rb4 23. Ned5 Bxd5 24. exd5 Bh6 25. Be3 Bg7 26. Bd4 Bh6 1/2-1/2

[Event "WY Boys-U16"]
[Site "Porto Carras GRE"]
[Date "2010.10.20"]
[Round "1.11"]
[White "Orujov, Shujaat Ismiali oglu"]
[Black "Dragun, Kamil"]
[Result "0-1"]
[BlackTitle "FM"]
[WhiteElo "2098"]
[BlackElo "2392"]
[WhiteFideId "13403613"]
[BlackFideId "1134167"]
[EventDate "2010.10.20"]

1. e4 c5 2. Nf3 d6 3. d4 cxd4 4. Nxd4 Nf6 5. Nc3 Nc6 6. Be2 g6 7. Be3 Bg7 8. O-O
O-O 9. Qd2 Nxd4 10. Bxd4 Bd7 11. Rfd1 Bc6 12. Bf3 Qc7 13. Re1 Nd7 14. Bxg7 Kxg7
15. Nd5 Bxd5 16. Qxd5 Ne5 17. Bd1 e6 18. Qd2 Rfd8 19. c3 Qb6 20. Bb3 a5 21. Qd4
Qxd4 22. cxd4 Nc6 23. Red1 a4 24. Bc4 a3 25. bxa3 Rxa3 26. d5 Na5 27. Bf1 e5 28.
Rdb1 Kf6 29. Rb2 Rc8 30. Rd1 Ke7 31. f3 Rc5 32. Rdd2 Kd8 33. Kf2 Kc7 34. Rdc2 b6
35. Bb5 Nb7 36. Ke2 Rxc2+ 37. Rxc2+ Nc5 38. g4 Kd8 39. Bc6 Nd3 40. Bb5 Nb4 41.
Rb2 Nxa2 42. Kd2 Nc3 43. Bc6 b5 44. g5 Kc7 45. Rc2 b4 46. Rb2 Na2 47. Bb5 Kb6
48. Bc4 Nc3 49. Bb3 Kc5 50. Kd3 Ra1 51. Ke3 Rg1 52. Rc2 Rxg5 53. Rc1 Rg2 54. Ra1
Rb2 0-1

[Event "WY Boys-U16"]
[Site "Porto Carras GRE"]
[Date "2010.10.20"]
[Round "1.13"]
[White "Dang, Hoang Son"]
[Black "Narayanan, Srinath"]
[Result "1/2-1/2"]
[WhiteTitle "FM"]
[BlackTitle "IM"]
[WhiteElo "2086"]
[BlackElo "2383"]
[WhiteFideId "12402435"]
[BlackFideId "5018420"]
[EventDate "2010.10.20"]

1. e4 e5 2. Nf3 Nc6 3. Bc4 Nf6 4. Ng5 d5 5. exd5 Na5 6. d3 h6 7. Nf3 e4 8. Qe2
Nxc4 9. dxc4 Bc5 10. h3 O-O 11. Nh2 b5 12. Ng4 Re8 13. Nc3 Nxg4 14. hxg4 e3 15.
Bxe3 Bxe3 16. fxe3 Qg5 17. O-O bxc4 18. Rf4 Qxf4 19. exf4 Rxe2 20. Nxe2 Bxg4 21.
Nd4 Re8 22. c3 Kf8 23. b3 Re3 24. Rc1 cxb3 25. axb3 a6 26. b4 Rd3 27. Kf2 g6 28.
g3 Rd2+ 29. Ke3 Rg2 30. c4 h5 31. b5 axb5 32. cxb5 Rxg3+ 33. Ke4 h4 34. d6 cxd6
35. b6 Bh3 36. Nf3 d5+ 37. Ke3 d4+ 38. Kxd4 Rxf3 39. b7 Rb3 40. Rc8+ Kg7 41.
b8=Q Rxb8 42. Rxb8 Bf1 43. Ke3 h3 44. Rb2 Kf6 45. Kf3 Bc4 46. Kg3 Be6 47. Rb5
Bf5 48. Rb6+ Ke7 49. Ra6 Kd7 50. Rb6 Be6 51. Ra6 Ke7 52. Ra7+ Kd6 53. Ra5 Kc6
54. Ra8 Kc5 55. f5 gxf5 56. Kxh3 Kd4 57. Kg3 Ke5 58. Kf2 f4 59. Ra5+ 1/2-1/2

[Event "WY Boys-U16"]
[Site "Porto Carras GRE"]
[Date "2010.10.20"]
[Round "1.14"]
[White "Savitskiy, Sergey"]
[Black "Skouvaklis, Alexis"]
[Result "1-0"]
[WhiteElo "2373"]
[BlackElo "2086"]
[WhiteFideId "24105660"]
[BlackFideId "1301322"]
[EventDate "2010.10.20"]

1. e4 c5 2. Nf3 d6 3. d4 cxd4 4. Nxd4 Nf6 5. Nc3 a6 6. f4 Qc7 7. Be3 g6 8. Be2
Bg7 9. O-O O-O 10. Bf3 e5 11. fxe5 dxe5 12. Nb3 Rd8 13. Qe1 Be6 14. Qh4 Nbd7 15.
Kh1 b5 16. Rf2 Rac8 17. Raf1 Qc6 18. Bg5 Bc4 19. Na5 Qb6 20. Nxc4 bxc4 21. Bg4
Nxg4 22. Qxg4 f6 23. Nd5 Qd6 24. Bxf6 Nxf6 25. Nxf6+ Bxf6 26. Rxf6 Rf8 27. Qxc8
Qxf6 28. Qxc4+ 1-0

[Event "WY Boys-U16"]
[Site "Porto Carras GRE"]
[Date "2010.10.20"]
[Round "1.15"]
[White "Galopoulos, Panagiotis"]
[Black "Nagy, Gabor"]
[Result "1-0"]
[WhiteTitle "FM"]
[WhiteElo "2085"]
[BlackElo "2372"]
[WhiteFideId "4214200"]
[BlackFideId "737119"]
[EventDate "2010.10.20"]

1. d4 Nf6 2. c4 e6 3. Nc3 c5 4. d5 exd5 5. cxd5 d6 6. e4 g6 7. f3 Bg7 8. Be3
Nbd7 9. Nh3 O-O 10. Nf2 a6 11. a4 b6 12. Be2 Rb8 13. Qd2 Ne5 14. O-O Re8 15. Kh1
Qc7 16. g4 h5 17. gxh5 gxh5 18. Rg1 Kh7 19. Rxg7+ Kxg7 20. Rg1+ Ng6 21. f4 Kh7
22. f5 Qe7 23. Bg5 Qe5 24. Nd3 Qd4 25. fxg6+ fxg6 26. Qf4 Rf8 27. Qxd6 Nd7 28.
Nf4 Rg8 29. Bxh5 Ne5 30. Bf6 Qxg1+ 31. Kxg1 gxh5+ 32. Kf1 Nf7 33. Qc6 Rb7 34. e5
Rg4 35. Nce2 1-0

[Event "WY Boys-U16"]
[Site "Porto Carras GRE"]
[Date "2010.10.20"]
[Round "1.16"]
[White "Krzyzanowski, Marcin"]
[Black "Barros, Raul Junior"]
[Result "1-0"]
[BlackTitle "FM"]
[WhiteElo "2356"]
[BlackElo "2076"]
[WhiteFideId "1132199"]
[BlackFideId "4401140"]
[EventDate "2010.10.20"]

1. e4 c5 2. Nf3 d6 3. d4 cxd4 4. Nxd4 Nf6 5. Nc3 e6 6. g4 h6 7. h3 a6 8. Be3 b5
9. a3 Bb7 10. Bg2 Qc7 11. f4 Nbd7 12. Qe2 Rc8 13. O-O Qc4 14. Qe1 Be7 15. g5
hxg5 16. fxg5 Nh5 17. Qf2 Ne5 18. Nf3 O-O 19. Rad1 Qc7 20. Nd4 g6 21. Nce2 Nc4
22. Bc1 e5 23. Nb3 a5 24. Ng3 Nxg3 25. Qxg3 a4 26. Na1 Kg7 27. c3 Qc5+ 28. Kh2
Rc7 29. Nc2 Qa7 30. Nb4 Qa8 31. Qh4 Rh8 32. Qf2 Rf8 33. Qf3 Qd8 34. Qg4 Qc8 35.
Qh4 Rh8 36. Qf2 Rf8 37. Nd3 Qa8 38. Qf3 Qd8 39. Qg3 Qa8 40. Nf2 Qd8 41. h4 Bc8
42. Bh3 Bxh3 43. Kxh3 Qc8+ 44. Kg2 Qa8 45. Qf3 Qe8 46. Ng4 Rh8 47. Nh6 Bd8 48.
Rf2 Qe6 49. Rdf1 Rf8 50. h5 Rb7 51. hxg6 Qxg6 52. Nf5+ Kg8 53. Qg4 f6 54. Nh4
Qg7 55. g6 Qd7 56. Nf5 Bb6 57. Rf3 d5 58. Rh3 1-0

[Event "WY Boys-U16"]
[Site "Porto Carras GRE"]
[Date "2010.10.20"]
[Round "1.17"]
[White "Stoeri, Simon"]
[Black "Sadzikowski, Daniel"]
[Result "0-1"]
[WhiteElo "2074"]
[BlackElo "2351"]
[WhiteFideId "1315862"]
[BlackFideId "1132253"]
[EventDate "2010.10.20"]

1. e4 c5 2. Nf3 d6 3. d4 cxd4 4. Nxd4 Nf6 5. Nc3 a6 6. Be3 e5 7. Nb3 Be6 8. f3
Be7 9. Qd2 O-O 10. O-O-O Qc7 11. g4 Rc8 12. Kb1 d5 13. exd5 Nxd5 14. Nxd5 Bxd5
15. Qf2 Qc6 16. Bd3 a5 17. Nd2 Na6 18. c4 Nb4 19. cxd5 Qa4 20. Bc4 Rxc4 21. Nxc4
Qxa2+ 22. Kc1 Qxc4+ 23. Kb1 Qa2+ 24. Kc1 Rc8+ 25. Kd2 Rc2+ 0-1

[Event "WY Boys-U16"]
[Site "Porto Carras GRE"]
[Date "2010.10.21"]
[Round "2.1"]
[White "Abasov, Nijat Azad Oglu"]
[Black "Martinez Romero, Martin"]
[Result "1-0"]
[WhiteTitle "IM"]
[WhiteElo "2517"]
[BlackElo "2203"]
[WhiteFideId "13402960"]
[BlackFideId "4404025"]
[EventDate "2010.10.20"]

1. e4 c5 2. Nf3 d6 3. d4 cxd4 4. Nxd4 Nf6 5. Nc3 a6 6. Bg5 e6 7. f4 b5 8. e5
dxe5 9. fxe5 Qc7 10. Nf3 Nfd7 11. Bd3 Nc6 12. O-O Ncxe5 13. Kh1 Nxd3 14. Qxd3
Qc4 15. Qd2 f6 16. b3 Qc7 17. Rae1 Nb6 18. Bf4 Qb7 19. Nd4 Bb4 20. Nxe6 Bxe6 21.
Rxe6+ Kf7 22. Rxb6 Qxb6 23. Qd7+ Kf8 24. Nd5 Qd8 25. Qxd8+ Rxd8 26. Nxb4 a5 27.
Nc6 Rc8 28. Nd4 Kf7 29. c4 bxc4 30. Nb5 Rc6 31. Nd6+ Ke6 32. Re1+ Kd7 33. Nxc4
a4 34. h4 axb3 35. axb3 Ra8 36. Kh2 Ra2 37. Rd1+ Ke6 38. Bd6 Kf5 39. Rd3 h5 40.
Rg3 g5 41. hxg5 fxg5 42. Rf3+ Ke6 43. Re3+ Kd7 44. Re7+ Kc8 45. Re5 g4 46. Rxh5
Rc2 47. Rh8+ Kd7 48. Ne5+ Kxd6 49. Nxc6 Kd5 1-0

[Event "WY Boys-U16"]
[Site "Porto Carras GRE"]
[Date "2010.10.21"]
[Round "2.2"]
[White "Ten Hertog, Hugo"]
[Black "Cori, Jorge"]
[Result "1-0"]
[BlackTitle "GM"]
[WhiteElo "2208"]
[BlackElo "2496"]
[WhiteFideId "1026356"]
[BlackFideId "3802272"]
[EventDate "2010.10.20"]

1. e4 e6 2. d4 d5 3. Nc3 Bb4 4. exd5 exd5 5. Bd3 Nc6 6. a3 Bxc3+ 7. bxc3 Nf6 8.
Ne2 O-O 9. O-O Re8 10. Bg5 h6 11. Bh4 Qd6 12. Bg3 Qd7 13. Nf4 b6 14. Qf3 Bb7 15.
Rfe1 Na5 16. Nh5 Nxh5 17. Qxh5 Nc4 18. h3 Rxe1+ 19. Rxe1 Re8 20. Rxe8+ Qxe8 21.
Qf5 g6 22. Qf6 Qe1+ 23. Kh2 Qe6 24. Qd8+ Kh7 25. Qxc7 Bc6 26. Qxa7 Qd7 27. Qb8
Qe8 28. Qf4 Qe7 29. h4 Nb2 30. h5 Nxd3 31. hxg6+ Kxg6 32. cxd3 b5 33. Bh4 Qe6
34. f3 Bd7 35. Bg3 Qf5 36. Qd6+ Be6 37. Qf8 Qh5+ 38. Kg1 Qg5 39. Qb8 Kg7 40.
Be5+ f6 41. Bd6 Qd2 42. Kh2 Qe1 43. Qf8+ Kg6 44. Qe8+ Kh7 45. Qe7+ Kg6 46. Bg3
Qe3 47. Qe8+ Kg7 48. c4 bxc4 49. dxc4 1-0

[Event "WY Boys-U16"]
[Site "Porto Carras GRE"]
[Date "2010.10.21"]
[Round "2.3"]
[White "Lagarde, Maxime"]
[Black "Ochsner, Bjorn Moller"]
[Result "1-0"]
[WhiteTitle "FM"]
[WhiteElo "2433"]
[BlackElo "2195"]
[WhiteFideId "662399"]
[BlackFideId "1416928"]
[EventDate "2010.10.20"]

1. c4 e5 2. g3 Nf6 3. Bg2 Nc6 4. Nc3 Bc5 5. a3 a6 6. e3 O-O 7. Nge2 Re8 8. d3 d6
9. O-O Ba7 10. b4 Bf5 11. h3 h6 12. Kh2 Qc8 13. e4 Bd7 14. f4 Nh7 15. f5 Nd4 16.
f6 Nxf6 17. Bxh6 Nh7 18. Bd2 c6 19. Nxd4 Bxd4 20. Qf3 Be6 21. Rac1 Qd8 22. Nd1
a5 23. bxa5 b6 24. Ne3 bxa5 25. Rb1 Qd7 26. Nf5 Bc5 27. Qg4 Bxf5 28. exf5 Nf6
29. Qh4 d5 30. cxd5 Nxd5 31. a4 f6 32. Qc4 Bd4 33. Rbc1 Rec8 34. Qa2 Kh8 35. Rc4
Ra7 36. Qc2 c5 37. Qd1 Nb6 38. Qh5+ Kg8 39. Rb1 Nd5 40. Rb5 Nb4 41. Bxb4 axb4
42. Rbxb4 Rd8 43. Rb5 Be3 44. Be4 Bh6 45. Qd1 Be3 46. Qb3 Kh7 47. h4 Qf7 48. Qd1
Rd4 49. Rxd4 Bxd4 50. Bd5 Rxa4 51. Bxf7 1-0

[Event "WY Boys-U16"]
[Site "Porto Carras GRE"]
[Date "2010.10.21"]
[Round "2.4"]
[White "Ben Artzi, Ido"]
[Black "Van Kampen, Robin"]
[Result "1-0"]
[BlackTitle "IM"]
[WhiteElo "2183"]
[BlackElo "2430"]
[WhiteFideId "2810913"]
[BlackFideId "1020854"]
[EventDate "2010.10.20"]

1. d4 Nf6 2. c4 g6 3. Nc3 Bg7 4. e4 d6 5. f3 O-O 6. Be3 a6 7. Qd2 Nbd7 8. Nge2
c5 9. O-O-O cxd4 10. Nxd4 Ne5 11. Kb1 Bd7 12. b3 Rb8 13. Nc2 b5 14. c5 Qc7 15.
cxd6 Qb7 16. dxe7 Rfe8 17. Bc5 Nc4 18. Qc1 Rbc8 19. Bd4 b4 20. Bxc4 bxc3 21. Ne3
Bb5 22. Qxc3 Qxe7 23. Qb2 Bxc4 24. Nxc4 Rc6 25. Ne3 Rec8 26. Rc1 Qd7 27. Rxc6
Rxc6 28. Rd1 Qc8 29. Rc1 Rxc1+ 30. Qxc1 Qd7 31. Bxf6 Bxf6 32. Nd5 Be5 33. f4 Bg7
34. Qc8+ Qxc8 35. Ne7+ Kf8 36. Nxc8 Bd4 37. b4 f6 38. a4 Kf7 39. b5 axb5 40. a5
Ke6 41. a6 f5 42. e5 g5 43. g3 1-0

[Event "WY Boys-U16"]
[Site "Porto Carras GRE"]
[Date "2010.10.21"]
[Round "2.5"]
[White "Nenezic, Marko"]
[Black "Moussard, Jules"]
[Result "1/2-1/2"]
[BlackTitle "FM"]
[WhiteElo "2165"]
[BlackElo "2423"]
[WhiteFideId "912123"]
[BlackFideId "642908"]
[EventDate "2010.10.20"]

1. Nf3 c5 2. c4 g6 3. d4 cxd4 4. Nxd4 Bg7 5. e4 b6 6. Nc3 Bb7 7. Be2 Nc6 8. Be3
Nf6 9. O-O O-O 10. f3 Qb8 11. Qd2 d6 12. Rfd1 Rd8 13. Kh1 Rd7 14. Bf1 Qf8 15.
Qf2 Rad8 16. Rd2 e6 17. Rad1 Bh6 18. Ndb5 Bxe3 19. Qxe3 Ne8 20. Be2 Ba6 21. Nd4
Nxd4 22. Rxd4 Qe7 23. b3 Nc7 24. Qd2 Bb7 25. e5 d5 26. f4 Bc6 27. cxd5 exd5 28.
Bg4 Ne6 29. Bxe6 fxe6 30. a4 Rc8 31. Rd3 Rdc7 32. Ne2 Bd7 33. Nd4 Qa3 34. h3 Rc1
35. Qe2 Qa1 36. Kh2 Rf8 37. Qg4 Kh8 38. R3d2 Qc3 39. Rd3 Qa1 40. R3d2 Qb1 41.
Qf3 g5 1/2-1/2